| 000 | 01076nam2a2200253 4500 | ||
|---|---|---|---|
| 001 | RU\NLR\bibl\457550 | ||
| 005 | 20250623183207.0 | ||
| 021 |
_aRU _b2003-13572п _9520 |
||
| 035 | _a(NLR Aleph) 000451069 | ||
| 090 |
_a874277 _c874277 |
||
| 100 | _a20031111d2003 |||y0rusy50 ca | ||
| 101 | 0 |
_arus _erus _eeng |
|
| 102 | _aRU | ||
| 105 | _aa ||||||||| | ||
| 200 | 0 |
_a3 _f[Науч. ред.: Князев Г.Б. и др.] |
|
| 215 |
_a315, [1] с. _cил. |
||
| 461 | 0 |
_1001RU\NLR\bibl\457435 _12001#$aПроблемы геологии и географии Сибири$v3 _9873595 _cТомск _d2003 _nТГУ _oМатериалы науч. конф., посвящ. 125-летию основания Том. гос. ун-та и 70-летию образования геол.-геогр. фак. 2-4 апр. 2003 г. _tПроблемы геологии и географии Сибири _v3 |
|
| 702 | 1 |
_aКнязев _bГ. Б. _4340 |
|
| 801 | 0 |
_aRU _bNLR _c20031111 _gPSBO |
|
| 801 | 1 |
_aRU _bNLR _c20031111 |
|
| 852 |
_aNLR _jП2/639 |
||
| 942 | _cBOOK | ||
| 980 | _aNB | ||